000 00502nam a22001217a 4500
008 230919b |||||||| |||| 00| 0 eng d
020 _a9966087419
050 _aBV652.25
_b.P76 2013
245 _aProclaiming the good news in joyful service and hope :
_bThe Catholic University in 21st century celebrating the silver jubilee of Tangaza University college
_cDedan O"Byrne, Beatrice Churu and Jeketule
260 _aNairobi, Kenya
_bPaulines Publication Africa
_c2013
300 _a198p.
942 _2lcc
_cBK
999 _c20314
_d20313